Music Quiz

Random Music or Album Quiz

Spotify Playlist (Based on my recent songs) Quiz Stats

 Plays Quiz not verified by Sporcle

Score 0/42 Timer 10:00
0 Plays Today
Album Song % Correct
Lion Heart - The 5th AlbumLion Heart
100%
1989Shake it Off
50%
Fun to The WorldBaam
50%
TWICEcoaster: LANE1TT
50%
KILL THIS LOVEKILL THIS LOVE
50%
GREAT!Bboom Bboom
50%
Square UpDDU-DU DDU-DU
50%
he Red Summer - Summer Mini Album빨간 맛
50%
SUNMI SPECIAL EDITIONGashina
50%
I amLATATA
50%
IT'z Different달라 달라
50%
SOLOSOLO
50%
COLOR*IZLa Vie en Rose
50%
RED MOONEgotistic
50%
Yellow FlowerStarry Night
50%
KILL THIS LOVEDon't Know What To Do
50%
ARRIVAL OF EVERGLOWBon Bon Chocolat
50%
SECRET GARDENSECRET GARDEN
50%
BDZBRAND NEW GIRL
0%
1989Bad Blood
0%
As If It's Your LastAs If It's Your Last
0%
Album Song % Correct
ORA DeluxeCrazy Girl
0%
White WindWaggy
0%
twicetagramLIKEY
0%
MAD Winter Edition니가 하면
0%
PRODUCE 48 - NEKKOYA (PICK ME)PICK ME
0%
NEWTONNEWTON
0%
Teenage Dream: The Complete ConfectionPart of Me
0%
Sticks & StonesSwagger Jagger
0%
StreetL.I.E
0%
RedStarlight
0%
I am WHOM.I.A.
0%
BDZWake Me Up
0%
BDZCandy Pop
0%
FearlessForever and Always
0%
Full MoonDDD
0%
#Cookie JarRussian Roulette
0%
Fearless (Platinum Edition)Come In With The Rain
0%
Red (Deluxe)The Moment I Knew
0%
Taylor SwiftCold As You
0%
Taylor SwiftShould've Said No
0%
RedI Almost Do
0%

You're not logged in!

Compare scores with friends on all Sporcle quizzes.
OR
Log In

Show Comments

Extras

Top Quizzes Today


Score Distribution

Your Account Isn't Verified!

In order to create a playlist on Sporcle, you need to verify the email address you used during registration. Go to your Sporcle Settings to finish the process.

Report this User

Report this user for behavior that violates our Community Guidelines.

Details: